| 000 | 00449nam a2200181Ia 4500 | ||
|---|---|---|---|
| 005 | 20250423101341.0 | ||
| 008 | 250422s9999 xx 000 0 und d | ||
| 020 | _a0465052975 | ||
| 050 | _aHM 216 .E85/ | ||
| 100 | _aEtzioni, Amitai | ||
| 245 | 4 | _aThe new golden rule: community and morality in a democratic society | |
| 260 | _aNew York | ||
| 260 | _bBasicbooks | ||
| 260 | _c1997 | ||
| 300 | _a314 p | ||
| 650 | _aDemocracy | ||
| 942 | _cBK | ||
| 999 |
_c36052 _d36052 |
||